[Event "Prague op"]
[Site "Prague"]
[Date "2024.02.28"]
[Round "1"]
[White "Kanakova, Natalie"]
[Black "Botez, Andrea"]
[Result "1-0"]
[WhiteElo "2169"]
[BlackElo "1708"]
[PlyCount "85"]
[EventDate "2024.02.28"]
[EventType "swiss"]
[EventRounds "9"]
[EventCountry "CZE"]
[SourceTitle "CB11_2024"]
[SourceDate "2024.03.13"]
[SourceVersion "1"]
[SourceVersionDate "2024.03.13"]
[SourceQuality "1"]

1. Nf3 Nf6 2. c4 g6 3. b3 Bg7 4. Bb2 d6 5. d4 0-0 6. g3 Nc6 7. d5 Nb8 8. Bg2 a5 9. 0-0 Na6 10. Nc3 Bd7 11. a3 Ne4 12. Qc2 Bf5 13. g4 Nxf2 14. gxf5 Ng4 15. Nd1 c6 16. Bxg7 Kxg7 17. h3 Qb6+ 18. e3 Nf6 19. dxc6 bxc6 20. Nd4 Rac8 21. Nf2 Nc5 22. Ng4 Nxg4 23. hxg4 Nd7 24. g5 d5 25. Qc3 Kg8 26. Rad1 Rfe8 27. Qd2 Qc5 28. Qf2 Ne5 29. Qf4 dxc4 30. bxc4 Rf8 31. Nb3 Qxc4 32. Qxe5 Qxb3 33. fxg6 hxg6 34. Rd4 f6 35. gxf6 exf6 36. Qg3 Kg7 37. Be4 Qf7 38. Bxg6 Qc7 39. Qg4 Rcd8 40. Be8+ Kh8 41. Qh3+ Qh7 42. Qxh7+ Kxh7 43. Rxd8 1-0

[Event "EU-chT (Women) 24th"]
[Site "Budva"]
[Date "2023.11.17"]
[Round "6.2"]
[White "Skaslien, Ingrid"]
[Black "Kanakova, Natalie"]
[Result "0-1"]
[WhiteElo "1941"]
[BlackElo "2169"]
[PlyCount "88"]
[EventDate "2023.11.11"]
[EventType "team-swiss"]
[EventRounds "9"]
[EventCountry "MNE"]
[SourceTitle "CB47_2023"]
[SourceDate "2023.11.22"]
[SourceVersion "1"]
[SourceVersionDate "2023.11.22"]
[SourceQuality "1"]
[WhiteTeam "Norway (W)"]
[BlackTeam "Czech Republic (W)"]
[WhiteTeamCountry "NOR"]
[BlackTeamCountry "CZE"]

1. d4 f5 2. Bg5 h6 3. Bh4 g5 4. e3 Nf6 5. Bg3 d6 6. h4 Rg8 7. hxg5 hxg5 8. Nc3 e6 9. Bc4 Qe7 10. Nge2 Nc6 11. a3 Bd7 12. f3 0-0-0 13. Qd2 Bg7 14. 0-0-0 Rh8 15. e4 fxe4 16. fxe4 Ng4 17. Rhf1 Rdf8 18. Kb1 Kb8 19. Bb5 a6 20. Bxc6 Bxc6 21. Ng1 Bh6 22. Qe2 Nf6 23. Nh3 Be8 24. Qc4 Nh5 25. Be1 g4 26. Rxf8 Rxf8 27. Nf2 g3 28. Nd3 Be3 29. Bd2 Bxd2 30. Rxd2 Rf1+ 31. Ka2 Qg5 32. Rd1 Rxd1 33. Nxd1 Nf4 34. Nxf4 Qxf4 35. Qe2 Bc6 36. e5 Qxd4 37. exd6 cxd6 38. Ne3 Qe5 39. b3 Bxg2 40. Qd3 Be4 41. Qd2 d5 42. Ng4 Qf5 43. Ne3 Qg5 44. Qd4 Qg8 0-1

[Event "EU-chT (Women) 24th"]
[Site "Budva"]
[Date "2023.11.15"]
[Round "5.2"]
[White "Kanakova, Natalie"]
[Black "Zimina, Olga"]
[Result "0-1"]
[WhiteElo "2169"]
[BlackElo "2277"]
[PlyCount "78"]
[EventDate "2023.11.11"]
[EventType "team-swiss"]
[EventRounds "9"]
[EventCountry "MNE"]
[SourceTitle "CB47_2023"]
[SourceDate "2023.11.22"]
[SourceVersion "1"]
[SourceVersionDate "2023.11.22"]
[SourceQuality "1"]
[WhiteTeam "Czech Republic (W)"]
[BlackTeam "Italy (W)"]
[WhiteTeamCountry "CZE"]
[BlackTeamCountry "ITA"]

1. Nf3 Nf6 2. c4 g6 3. g3 Bg7 4. Bg2 d6 5. 0-0 e5 6. d3 0-0 7. Nc3 c6 8. Rb1 a5 9. a3 Re8 10. b4 axb4 11. axb4 d5 12. cxd5 cxd5 13. d4 e4 14. Ne5 Ng4 15. Nxg4 Bxg4 16. b5 Be6 17. Na4 b6 18. Bf4 g5 19. Bxb8 Qxb8 20. e3 Rc8 21. Qb3 Qc7 22. f3 Qc2 23. Qxc2 Rxc2 24. Ra1 exf3 25. Bxf3 g4 26. Bd1 Rc4 27. Bb3 Rb4 28. Rfb1 Rxb5 29. Ra2 Bf5 30. Rbb2 Bh6 31. Kf2 Re8 32. e4 Bxe4 33. Nc3 Ra5 34. Rxa5 bxa5 35. Nxd5 Bg7 36. Rd2 Rd8 37. Ne7+ Kf8 38. Ke3 f5 39. Ng8 Bd5 0-1

[Event "EU-chT (Women) 24th"]
[Site "Budva"]
[Date "2023.11.12"]
[Round "2.15"]
[White "Koljevic, Nikolina"]
[Black "Kanakova, Natalie"]
[Result "0-1"]
[WhiteElo "2067"]
[BlackElo "2169"]
[PlyCount "74"]
[EventDate "2023.11.11"]
[EventType "team-swiss"]
[EventRounds "9"]
[EventCountry "MNE"]
[SourceTitle "CB47_2023"]
[SourceDate "2023.11.22"]
[SourceVersion "1"]
[SourceVersionDate "2023.11.22"]
[SourceQuality "1"]
[WhiteTeam "Montenegro (W)"]
[BlackTeam "Czech Republic (W)"]
[WhiteTeamCountry "MNE"]
[BlackTeamCountry "CZE"]

1. e4 c5 2. Nf3 g6 3. d4 cxd4 4. Qxd4 Nf6 5. e5 Nc6 6. Qa4 Nd5 7. Qe4 Nb6 8. Nc3 Bg7 9. Bf4 d5 10. exd6 Bf5 11. dxe7 Qd7 12. Qe3 Nb4 13. Rc1 Nxc2+ 14. Rxc2 Bxc2 15. Bb5 Bxc3+ 16. Qxc3 Qxb5 17. Qxh8+ Kxe7 18. Qe5+ Qxe5+ 19. Bxe5 f6 20. Bd4 Nd5 21. Bc5+ Kf7 22. Nd4 Ba4 23. b3 Bd7 24. Kd2 b6 25. Ba3 a5 26. Bb2 a4 27. bxa4 Rxa4 28. a3 b5 29. Rc1 Nb6 30. Rc7 Nc4+ 31. Kc3 Ke8 32. Nb3 Nb6 33. Rb7 Rc4+ 34. Kd2 Rc6 35. Nd4 Nc4+ 36. Kc3 Rc8 37. Kb3 Na5+ 0-1

[Event "EU-chT (Women) 24th"]
[Site "Budva"]
[Date "2023.11.11"]
[Round "1.7"]
[White "Kanakova, Natalie"]
[Black "Mkrtchyan, Mariam"]
[Result "0-1"]
[WhiteElo "2169"]
[BlackElo "2347"]
[PlyCount "72"]
[EventDate "2023.11.11"]
[EventType "team-swiss"]
[EventRounds "9"]
[EventCountry "MNE"]
[SourceTitle "CB47_2023"]
[SourceDate "2023.11.22"]
[SourceVersion "1"]
[SourceVersionDate "2023.11.22"]
[SourceQuality "1"]
[WhiteTeam "Czech Republic (W)"]
[BlackTeam "Armenia (W)"]
[WhiteTeamCountry "CZE"]
[BlackTeamCountry "ARM"]

1. Nf3 d5 2. e3 Nf6 3. c4 e6 4. b3 c5 5. Bb2 Nc6 6. cxd5 exd5 7. Bb5 Bd6 8. 0-0 0-0 9. d4 cxd4 10. Nxd4 Bc7 11. Bxc6 Qd6 12. Nf3 bxc6 13. Be5 Qe7 14. Bxc7 Qxc7 15. Nbd2 Ba6 16. Re1 c5 17. Qc2 Rac8 18. Rac1 Qb6 19. Ne5 Rfd8 20. Red1 h6 21. h3 Qe6 22. Nd3 c4 23. Nf4 Qb6 24. Qc3 g5 25. bxc4 gxf4 26. c5 Qe6 27. exf4 d4 28. Qg3+ Kh7 29. Nf3 Ne4 30. Qh4 d3 31. c6 Rd5 32. c7 d2 33. Rc2 Be2 34. Rdxd2 Bxf3 35. Rxd5 Qxd5 36. gxf3 Qd1+ 0-1

[Event "Prague Summer op-A 10th"]
[Site "Prague"]
[Date "2023.08.09"]
[Round "7"]
[White "Berin, Artem"]
[Black "Kanakova, Natalie"]
[Result "1-0"]
[WhiteElo "2337"]
[BlackElo "2146"]
[PlyCount "107"]
[EventDate "2023.08.04"]
[EventType "swiss"]
[EventRounds "9"]
[EventCountry "CZE"]
[SourceTitle "CBM 215 Extra"]
[Source "ChessBase"]
[SourceDate "2023.09.30"]
[SourceVersion "1"]
[SourceVersionDate "2023.09.30"]
[SourceQuality "1"]

1. d4 f5 2. c4 Nf6 3. Nf3 d6 4. g3 g6 5. Bg2 Bg7 6. 0-0 0-0 7. Nc3 c6 8. d5 e5 9. dxe6 Bxe6 10. b3 Ne4 11. Nxe4 Bxa1 12. Nxd6 Qd7 13. Bh6 Bg7 14. Bxg7 Qxg7 15. Ng5 Qe7 16. Nxe6 Rf6 17. Nxf5 Rxf5 18. Qd8+ Qxd8 19. Nxd8 Re5 20. Nxb7 Rxe2 21. Rd1 Na6 22. Bxc6 Rf8 23. f4 Rxa2 24. c5 Rc2 25. Bd5+ Kh8 26. Bc4 Nb4 27. Nd8 Re8 28. Nf7+ Kg7 29. Ne5 Re7 30. h4 a5 31. Rd4 Nc6 32. Nxc6 Re1+ 33. Bf1 Rcc1 34. Rd7+ Kh8 35. Ne5 Rxf1+ 36. Kg2 Rg1+ 37. Kf2 Rgf1+ 38. Kg2 Rg1+ 39. Kf3 Rxc5 40. Kg4 Kg8 41. Kg5 Rxe5+ 42. fxe5 Rxg3+ 43. Kf6 Rf3+ 44. Ke7 Rxb3 45. Ra7 Rb4 46. e6 Rxh4 47. Kd6 Rd4+ 48. Ke5 Rd8 49. e7 Rb8 50. Ke6 a4 51. Rd7 Rb6+ 52. Rd6 Rxd6+ 53. Kxd6 Kf7 54. Kd7 1-0

[Event "Bohumin op-A 6th"]
[Site "Bohumin"]
[Date "2023.07.09"]
[Round "9"]
[White "Kanakova, Natalie"]
[Black "Jasso, Matej"]
[Result "1/2-1/2"]
[WhiteElo "2132"]
[BlackElo "1941"]
[PlyCount "61"]
[EventDate "2023.07.01"]
[EventType "swiss"]
[EventRounds "9"]
[EventCountry "CZE"]
[SourceTitle "CBM 215 Extra"]
[Source "ChessBase"]
[SourceDate "2023.09.30"]
[SourceVersion "1"]
[SourceVersionDate "2023.09.30"]
[SourceQuality "1"]

1. Nf3 Nf6 2. c4 e6 3. e3 b6 4. b3 Be7 5. Bb2 Bb7 6. Nc3 c5 7. Be2 0-0 8. 0-0 d5 9. cxd5 Nxd5 10. Nxd5 Bxd5 11. d4 Nd7 12. Rc1 Rc8 13. Ba6 Rc7 14. Qe2 Qa8 15. Rfd1 f5 16. Bc4 Nf6 17. Bxd5 Nxd5 18. dxc5 Bxc5 19. Nd4 Bxd4 20. Bxd4 Rfc8 21. Qb2 Qb8 22. h3 Rxc1 23. Rxc1 Rxc1+ 24. Qxc1 Qc7 25. Qxc7 Nxc7 26. Kf1 Kf7 27. Ke2 g6 28. Kd3 Ke7 29. Be5 Kd7 30. Kc4 a6 31. a4 1/2-1/2

[Event "Bohumin op-A 6th"]
[Site "Bohumin"]
[Date "2023.07.07"]
[Round "7"]
[White "Kanakova, Natalie"]
[Black "Rabatin, Jakub"]
[Result "0-1"]
[WhiteElo "2132"]
[BlackElo "2273"]
[PlyCount "116"]
[EventDate "2023.07.01"]
[EventType "swiss"]
[EventRounds "9"]
[EventCountry "CZE"]
[SourceTitle "CBM 215 Extra"]
[Source "ChessBase"]
[SourceDate "2023.09.30"]
[SourceVersion "1"]
[SourceVersionDate "2023.09.30"]
[SourceQuality "1"]

1. e4 c5 2. Nf3 d6 3. Bb5+ Nd7 4. c4 Ngf6 5. Nc3 g6 6. 0-0 Bg7 7. d4 cxd4 8. Nxd4 0-0 9. Bxd7 Bxd7 10. Qd3 Rc8 11. b3 a6 12. Bb2 Qa5 13. Rfe1 Rfe8 14. a3 Rb8 15. a4 Qh5 16. h3 Bc6 17. b4 Nd7 18. f4 a5 19. Nxc6 bxc6 20. b5 Qc5+ 21. Kh1 Nb6 22. Nd1 Qxc4 23. Qd2 cxb5 24. Bxg7 Kxg7 25. axb5 Qxb5 26. Rxa5 Qb3 27. Qd4+ Kg8 28. Nc3 Qc4 29. Qd2 Qb4 30. Ra7 Rbc8 31. Nb1 Qxd2 32. Nxd2 Rc2 33. Nf3 Kf8 34. Nd4 Rc4 35. Rd1 Rec8 36. Kh2 R8c5 37. Rb7 Na4 38. Nb3 Rc7 39. Rxc7 Rxc7 40. Rd4 Nb6 41. Nd2 Rc3 42. g4 h6 43. Kg2 g5 44. f5 Kg7 45. Nf3 Nc4 46. Kf2 Kf6 47. Rd1 Nb2 48. Rf1 Nd3+ 49. Kg1 Nc5 50. h4 Nxe4 51. hxg5+ hxg5 52. Kg2 Rc2+ 53. Kh3 Ra2 54. Re1 Nf2+ 55. Kg3 Nd3 56. Re3 Nf4 57. Nd4 Rd2 58. Nc6 e6 0-1

[Event "Bohumin op-A 6th"]
[Site "Bohumin"]
[Date "2023.07.03"]
[Round "3"]
[White "Kanakova, Natalie"]
[Black "Sramek, Tomas"]
[Result "1-0"]
[WhiteElo "2132"]
[BlackElo "1877"]
[PlyCount "127"]
[EventDate "2023.07.01"]
[EventType "swiss"]
[EventRounds "9"]
[EventCountry "CZE"]
[SourceTitle "CBM 215 Extra"]
[Source "ChessBase"]
[SourceDate "2023.09.30"]
[SourceVersion "1"]
[SourceVersionDate "2023.09.30"]
[SourceQuality "1"]

1. c4 c5 2. Nc3 Nc6 3. g3 g6 4. Bg2 Bg7 5. e4 e6 6. d3 d6 7. Nge2 Nge7 8. Be3 0-0 9. 0-0 Nd4 10. Rb1 Nec6 11. Qd2 Qa5 12. Bf4 e5 13. Bg5 f6 14. Be3 Be6 15. a3 Qc7 16. b4 b6 17. Nd5 Bxd5 18. exd5 Nxe2+ 19. Qxe2 Ne7 20. f4 Nf5 21. fxe5 fxe5 22. Bf2 Nd4 23. Qg4 Qc8 24. Qe4 Qf5 25. bxc5 Qxe4 26. dxe4 dxc5 27. a4 Nc2 28. Rb3 Rf6 29. a5 Nb4 30. Be3 Rxf1+ 31. Bxf1 Bf8 32. Bd2 Bd6 33. Ra3 Nc2 34. Ra4 bxa5 35. Rxa5 Nd4 36. Bh6 Nf3+ 37. Kf2 Nd4 38. Ra6 Bc7 39. d6 Bb6 40. Bh3 Kf7 41. Bg5 Ne6 42. Be7 h6 43. Ke3 Nd4 44. Bd7 Rb8 45. Ra2 g5 46. Bg4 Nc6 47. Rf2+ Kg6 48. Rf6+ Kg7 49. Bh5 Nd8 50. Be8 Rb7 51. d7 Bc7 52. Rg6+ Kh7 53. Bd6 Bb6 54. Bf8 Ba5 55. Rxh6+ Kg8 56. Bxc5 Rb3+ 57. Kf2 g4 58. Rg6+ Kh7 59. Rxg4 Ne6 60. Bxa7 Rb2+ 61. Kf1 Ra2 62. Bf7 Ra1+ 63. Kg2 Ra2+ 64. Kh3 1-0

[Event "CZE-ch (Women)"]
[Site "Bystrice nad Pernstejnem"]
[Date "2023.05.10"]
[Round "1.6"]
[White "Hosova, Sandra"]
[Black "Kanakova, Natalie"]
[Result "0-1"]
[WhiteElo "1921"]
[BlackElo "2167"]
[PlyCount "64"]
[EventDate "2023.05.09"]
[EventType "k.o."]
[EventRounds "4"]
[EventCountry "CZE"]
[SourceTitle "CBM 214 Extra"]
[Source "ChessBase"]
[SourceDate "2023.07.31"]
[SourceVersion "1"]
[SourceVersionDate "2023.07.31"]
[SourceQuality "1"]

1. d4 Nf6 2. Nc3 d5 3. Bg5 Nbd7 4. Qd3 h6 5. Bh4 e6 6. e4 dxe4 7. Nxe4 Be7 8. Bxf6 Nxf6 9. 0-0-0 c6 10. Be2 Nxe4 11. Qxe4 Qd5 12. f3 Qxa2 13. c3 a5 14. g4 a4 15. Rd2 a3 16. b3 Qxb3 17. Bd1 Qxc3+ 18. Rc2 a2 19. Rxc3 a1Q+ 20. Kd2 Bb4 21. Ne2 Qb2+ 22. Qc2 Bxc3+ 23. Nxc3 Qxc2+ 24. Bxc2 b5 25. Rb1 Bd7 26. Ne4 f5 27. gxf5 exf5 28. Nd6+ Ke7 29. Nxf5+ Bxf5 30. Bxf5 Kd6 31. Be4 Ra2+ 32. Bc2 Rf8 0-1

[Event "CZE-ch (Women)"]
[Site "Bystrice nad Pernstejnem"]
[Date "2023.05.10"]
[Round "1.3"]
[White "Kanakova, Natalie"]
[Black "Hosova, Sandra"]
[Result "0-1"]
[WhiteElo "2167"]
[BlackElo "1921"]
[PlyCount "160"]
[EventDate "2023.05.09"]
[EventType "k.o."]
[EventRounds "4"]
[EventCountry "CZE"]
[SourceTitle "CBM 214 Extra"]
[Source "ChessBase"]
[SourceDate "2023.07.31"]
[SourceVersion "1"]
[SourceVersionDate "2023.07.31"]
[SourceQuality "1"]

1. e4 d5 2. exd5 Qxd5 3. Nc3 Qd6 4. d4 c6 5. Bc4 Nf6 6. Nge2 Bg4 7. f3 Bh5 8. Bf4 Qd8 9. 0-0 e6 10. Ng3 Bg6 11. Nce4 Be7 12. c3 0-0 13. Qb3 b5 14. Be2 Nbd7 15. a4 a6 16. Rfd1 Nb6 17. axb5 axb5 18. Nf2 Nbd5 19. Bd2 Qd7 20. Nd3 Rfb8 21. Ra2 Rxa2 22. Qxa2 h6 23. Ne5 Qc7 24. Nxg6 fxg6 25. Bd3 g5 26. Re1 Qd7 27. Ra1 Nf4 28. Bc2 c5 29. Be3 N6d5 30. Bf2 c4 31. Ne4 Qc6 32. Qa7 Rc8 33. Ra6 Qe8 34. Nc5 Nc7 35. Ra3 Nfd5 36. Qb7 Rb8 37. Bg6 Qd8 38. Qc6 Rb6 39. Qd7 Qxd7 40. Nxd7 Bxa3 41. Nxb6 Bxb2 42. Nd7 Bxc3 43. Ne5 Nf4 44. Bb1 Ne2+ 45. Kf1 Nxd4 46. Be3 Nd5 47. Bc1 Nb6 48. Be3 b4 49. Bxd4 Bxd4 50. Nc6 Bc5 51. Ke2 Kf7 52. Kd2 Ke8 53. Ne5 Ke7 54. g3 Kd6 55. f4 gxf4 56. gxf4 Nd5 57. Nxc4+ Kd7 58. Ne5+ Ke7 59. Nd3 Bd6 60. Ba2 Nxf4 61. Nxf4 Bxf4+ 62. Kd3 Bxh2 63. Ke4 Kf6 64. Bb3 g5 65. Bc4 h5 66. Kf3 Ke5 67. Kg2 Bf4 68. Bb3 Kd6 69. Kf3 e5 70. Ke4 g4 71. Bf7 h4 72. Bh5 g3 73. Kf3 Kc5 74. Kg2 Kd4 75. Bf7 e4 76. Bb3 e3 77. Bd1 Kc3 78. Kh3 b3 79. Bf3 b2 80. Be4 e2 0-1

[Event "Mitropa Cup (Women)"]
[Site "Mali Losinj"]
[Date "2023.04.15"]
[Round "5.2"]
[White "Thomas, Anysia"]
[Black "Kanakova, Natalie"]
[Result "1/2-1/2"]
[WhiteElo "2175"]
[BlackElo "2136"]
[PlyCount "67"]
[EventDate "2023.04.11"]
[EventType "team-tourn"]
[EventRounds "9"]
[EventCountry "CRO"]
[SourceTitle "CBM 213 Extra"]
[Source "ChessBase"]
[SourceDate "2023.05.31"]
[SourceVersion "1"]
[SourceVersionDate "2023.05.31"]
[SourceQuality "1"]
[WhiteTeam "France (W)"]
[BlackTeam "Czech Republic (W)"]
[WhiteTeamCountry "FRA"]
[BlackTeamCountry "CZE"]

1. c4 Nf6 2. Nf3 e6 3. d4 d5 4. g3 Be7 5. Bg2 0-0 6. 0-0 dxc4 7. Ne5 Nc6 8. Nxc6 bxc6 9. Na3 Bxa3 10. bxa3 Rb8 11. Qd2 Qd6 12. Qa5 Qxd4 13. Be3 Qb2 14. Qxa7 Nd5 15. Bd4 Rb7 16. Qc5 Qxe2 17. Rfe1 Qc2 18. Qxc6 Rb8 19. Be4 Qd2 20. Qxc4 Ba6 21. Qxa6 Qxd4 22. Rad1 Qc3 23. Rc1 Qd2 24. Qe2 Qa5 25. Qc4 Qxa3 26. Bxd5 exd5 27. Qxd5 Rbe8 28. Kg2 c6 29. Qxc6 Rxe1 30. Rxe1 Qxa2 31. Re8 g6 32. Rxf8+ Kxf8 33. Qd6+ Kg7 34. Qe5+ 1/2-1/2

[Event "CZE-chT1E 2223"]
[Site "Czech Republic"]
[Date "2023.04.02"]
[Round "11.2"]
[White "Neumann, Filip"]
[Black "Kanakova, Natalie"]
[Result "1/2-1/2"]
[WhiteElo "2178"]
[BlackElo "2172"]
[PlyCount "40"]
[EventDate "2022.10.08"]
[EventType "team-tourn"]
[EventRounds "11"]
[EventCountry "CZE"]
[SourceTitle "EXT 2024"]
[Source "ChessBase"]
[SourceDate "2023.10.10"]
[SourceVersion "1"]
[SourceVersionDate "2023.10.10"]
[SourceQuality "1"]
[WhiteTeam "Ostrava"]
[BlackTeam "Frydek Mistek III"]
[WhiteTeamCountry "CZE"]
[BlackTeamCountry "CZE"]

1. e4 c5 2. Nf3 Nc6 3. Nc3 g6 4. d4 cxd4 5. Nxd4 Bg7 6. Be3 Nf6 7. Bc4 0-0 8. Bb3 Re8 9. f3 e6 10. f4 d5 11. e5 Nd7 12. Qf3 Nxd4 13. Bxd4 Qa5 14. 0-0 Nc5 15. Kh1 Rd8 16. Ne2 Bd7 17. c3 Bb5 18. Bc2 Qa6 19. Rfe1 Rac8 20. Bxc5 Bxe2 1/2-1/2

[Event "CZE-chT1E 2223"]
[Site "Czech Republic"]
[Date "2023.04.01"]
[Round "10.2"]
[White "Kanakova, Natalie"]
[Black "Tomaszewski, Kacper"]
[Result "1/2-1/2"]
[WhiteElo "2172"]
[BlackElo "2311"]
[PlyCount "103"]
[EventDate "2022.10.08"]
[EventType "team-tourn"]
[EventRounds "11"]
[EventCountry "CZE"]
[SourceTitle "EXT 2024"]
[Source "ChessBase"]
[SourceDate "2023.10.10"]
[SourceVersion "1"]
[SourceVersionDate "2023.10.10"]
[SourceQuality "1"]
[WhiteTeam "Frydek Mistek III"]
[BlackTeam "Orlova Slavia"]
[WhiteTeamCountry "CZE"]
[BlackTeamCountry "CZE"]

1. Nf3 Nc6 2. e4 d6 3. d4 Nf6 4. Nc3 g6 5. Be3 Bg7 6. h3 0-0 7. Qd2 a6 8. a4 e5 9. dxe5 dxe5 10. Rd1 Qe7 11. Bc4 Qb4 12. b3 b5 13. axb5 axb5 14. Nxb5 Nxe4 15. Qxb4 Nxb4 16. 0-0 c6 17. Nd6 Nxd6 18. Rxd6 Ba6 19. Bxa6 Rxa6 20. Bc5 Nd5 21. Re1 Re8 22. c4 Nf4 23. Be3 Ne6 24. b4 Bf8 25. b5 Bxd6 26. bxa6 c5 27. Ra1 Ra8 28. a7 Kf8 29. Ng5 Nxg5 30. Bxg5 Be7 31. Bd2 Ke8 32. Ra6 Kd7 33. Ba5 Bd6 34. Kf1 Bc7 35. Bxc7 Kxc7 36. Rf6 Rxa7 37. Rxf7+ Kb6 38. Rxa7 Kxa7 39. Ke2 Kb6 40. Kf3 Kc6 41. Kg4 Kb6 42. Kf3 Kc6 43. Ke4 Kd6 44. f4 exf4 45. Kxf4 Ke6 46. h4 Kf6 47. Ke4 Ke6 48. g3 h5 49. Kf4 Kf6 50. Ke4 Ke6 51. Kf4 Kf6 52. Ke4 1/2-1/2

[Event "BL 2223 (Women)"]
[Site "Germany"]
[Date "2023.02.18"]
[Round "5.6"]
[White "Kanakova, Natalie"]
[Black "Jelica, Mara"]
[Result "1-0"]
[WhiteElo "2172"]
[BlackElo "2122"]
[PlyCount "97"]
[EventDate "2022.10.15"]
[EventType "team-tourn"]
[EventRounds "11"]
[EventCountry "GER"]
[SourceTitle "CBM 213 Extra"]
[Source "ChessBase"]
[SourceDate "2023.05.31"]
[SourceVersion "1"]
[SourceVersionDate "2023.05.31"]
[SourceQuality "1"]
[WhiteTeam "Rodewisch (W)"]
[BlackTeam "Deizisau (W)"]
[WhiteTeamCountry "GER"]
[BlackTeamCountry "GER"]

1. Nf3 d5 2. e3 g6 3. c4 e6 4. Nc3 Bg7 5. d4 Nf6 6. Bd3 0-0 7. 0-0 dxc4 8. Bxc4 a6 9. a4 Nc6 10. e4 h6 11. e5 Nd5 12. h4 Nce7 13. h5 Nxc3 14. bxc3 gxh5 15. Ba3 Re8 16. Nd2 Ng6 17. Ne4 Bd7 18. Bc1 Bc6 19. Ng3 h4 20. Nh5 h3 21. g3 Nh4 22. f3 Nf5 23. Kh2 Kh8 24. Bb3 b5 25. axb5 Bxb5 26. Rg1 c5 27. Nxg7 Kxg7 28. g4 Nh4 29. c4 Qxd4 30. Kxh3 Kg8 31. Qxd4 cxd4 32. Kxh4 Bc6 33. Kg3 Rab8 34. Bc2 Red8 35. Bxh6 d3 36. Bd1 Kh7 37. Bg5 Rd4 38. c5 Bb5 39. Be3 Rb4 40. Rc1 Kg7 41. Rh1 Bc6 42. Rc3 Rd8 43. Bb3 d2 44. Rd1 Rxb3 45. Rxb3 Ba4 46. Rbb1 Bc2 47. Ra1 Bxd1 48. Rxd1 Rd3 49. Kf2 1-0

[Event "EU-ch (Women) 22nd"]
[Site "Prague"]
[Date "2022.08.31"]
[Round "11"]
[White "Kanakova, Natalie"]
[Black "Doluhanova, Evgeniya"]
[Result "0-1"]
[WhiteElo "2171"]
[BlackElo "2278"]
[PlyCount "132"]
[EventDate "2022.08.20"]
[EventType "swiss"]
[EventRounds "11"]
[EventCountry "CZE"]
[SourceTitle "CBM 209 Extra"]
[Source "ChessBase"]
[SourceDate "2022.09.30"]
[SourceVersion "1"]
[SourceVersionDate "2022.09.30"]
[SourceQuality "1"]

1. c4 Nf6 2. Nf3 c6 3. g3 g6 4. b3 Bg7 5. Bb2 0-0 6. Bg2 d6 7. 0-0 e5 8. d3 Bg4 9. Nbd2 Na6 10. h3 Be6 11. Ng5 Bd7 12. Rc1 h6 13. Nge4 Ne8 14. Ba3 Be6 15. b4 Qd7 16. Kh2 f5 17. Nc3 Nac7 18. e3 Rd8 19. Ne2 Nf6 20. f4 exf4 21. exf4 Rfe8 22. Nf3 Bf7 23. Qd2 Qe7 24. Rce1 Qe3 25. Bc1 Qxd2 26. Bxd2 d5 27. c5 Ne4 28. Bc1 Nc3 29. Nxc3 Bxc3 30. Rxe8+ Rxe8 31. a3 Re2 32. Kg1 Nb5 33. Ne5 Bd4+ 34. Kh1 Bxe5 35. fxe5 Kh7 36. g4 Be6 37. g5 h5 38. Bf3 Ra2 39. Kg1 Nxa3 40. h4 Nc2 41. Bd2 Nd4 42. Bc3 Nb5 43. Ba1 d4 44. Rd1 Kg8 45. Bg2 Kf7 46. Bf3 Ke7 47. Bg2 Bb3 48. Re1 Ke6 49. Bf3 Bd5 50. Bxd5+ cxd5 51. Kh1 f4 52. Kg1 f3 53. Rf1 Kxe5 54. Rxf3 Rxa1+ 55. Kg2 Ra6 56. Rf7 b6 57. c6 Ra2+ 58. Kf3 Rd2 59. Re7+ Kd6 60. Rg7 Rxd3+ 61. Kf2 Kxc6 62. Rxg6+ Nd6 63. Rh6 Re3 64. g6 Re7 65. Rxh5 Rg7 66. b5+ Kc5 0-1

[Event "BL 2122 (Women)"]
[Site "Germany"]
[Date "2022.03.20"]
[Round "6.5"]
[White "Wagner, Dinara"]
[Black "Kanakova, Natalie"]
[Result "0-1"]
[WhiteElo "2287"]
[BlackElo "2134"]
[PlyCount "82"]
[EventDate "2021.11.27"]
[EventType "team-tourn"]
[EventRounds "11"]
[EventCountry "GER"]
[SourceTitle "EXT 2023"]
[Source "ChessBase"]
[SourceDate "2022.10.05"]
[SourceVersion "1"]
[SourceVersionDate "2022.10.05"]
[SourceQuality "1"]
[WhiteTeam "Bad Koenigshofen (W)"]
[BlackTeam "Rodewisch (W)"]
[WhiteTeamCountry "GER"]
[BlackTeamCountry "GER"]

1. d4 f5 2. Nf3 Nf6 3. c4 d6 4. Nc3 g6 5. b4 Bg7 6. Bb2 0-0 7. e3 c6 8. Qb3 Kh8 9. c5 d5 10. b5 Ne4 11. Be2 Nd7 12. 0-0 Qc7 13. Rfd1 Ndf6 14. Ne5 Ng4 15. Bxg4 Nxc3 16. Bxc3 fxg4 17. bxc6 bxc6 18. Qa4 Bd7 19. Rab1 Bf5 20. Rb2 Rfb8 21. Rbd2 Rb5 22. Qa6 Rc8 23. a4 Rb3 24. Ba5 Qb7 25. Qe2 Bxe5 26. dxe5 e6 27. e4 Bxe4 28. Qxg4 Bf5 29. Qg5 Rf8 30. Bd8 Rb1 31. Bf6+ Kg8 32. h3 Rxd1+ 33. Rxd1 Qb4 34. Qe3 Qxa4 35. Rd4 Qa1+ 36. Kh2 Qb2 37. Ra4 Qb8 38. Qc3 Rxf6 39. Rb4 Qc7 40. Qb2 Rf7 41. f3 Bd3 0-1

[Event "BL 2122 (Women)"]
[Site "Germany"]
[Date "2022.03.19"]
[Round "5.5"]
[White "Kanakova, Natalie"]
[Black "Daulyte Cornette, Deimante"]
[Result "1-0"]
[WhiteElo "2134"]
[BlackElo "2372"]
[PlyCount "67"]
[EventDate "2021.11.27"]
[EventType "team-tourn"]
[EventRounds "11"]
[EventCountry "GER"]
[SourceTitle "EXT 2023"]
[Source "ChessBase"]
[SourceDate "2022.10.05"]
[SourceVersion "1"]
[SourceVersionDate "2022.10.05"]
[SourceQuality "1"]
[WhiteTeam "Rodewisch (W)"]
[BlackTeam "Schwaebisch Hall (W)"]
[WhiteTeamCountry "GER"]
[BlackTeamCountry "GER"]

1. Nf3 d5 2. c4 e6 3. b3 Nf6 4. g3 d4 5. d3 Bb4+ 6. Nbd2 c5 7. a3 Bc3 8. Ra2 Nc6 9. Bg2 0-0 10. 0-0 h6 11. Nb1 Ba5 12. e4 dxe3 13. fxe3 e5 14. Bb2 Qd6 15. Nc3 Rd8 16. Nd5 Bg4 17. h3 Be6 18. e4 Bxd5 19. cxd5 Nd4 20. Bc1 Bc3 21. Kh2 Ne8 22. Raf2 Rd7 23. h4 Re7 24. Bh3 Nxf3+ 25. Rxf3 Nc7 26. Rf5 a5 27. a4 Ra6 28. Qf3 f6 29. Rh5 Rb6 30. Bf5 Rxb3 31. Qg4 Bb2 32. Bxh6 Rxd3 33. Qg6 Ne8 34. Bxg7 1-0

[Event "CZE-ch (Women)"]
[Site "Frydek Mistek"]
[Date "2021.09.16"]
[Round "6"]
[White "Laurincova, Kristyna"]
[Black "Kanakova, Natalie"]
[Result "1/2-1/2"]
[WhiteElo "2070"]
[BlackElo "2180"]
[PlyCount "78"]
[EventDate "2021.09.11"]
[EventType "tourn"]
[EventRounds "9"]
[EventCountry "CZE"]
[SourceTitle "CBM 204 Extra"]
[Source "ChessBase"]
[SourceDate "2021.11.30"]
[SourceVersion "1"]
[SourceVersionDate "2021.11.30"]
[SourceQuality "1"]

1. e4 c5 2. Nf3 Nc6 3. d4 cxd4 4. Nxd4 g6 5. Nc3 Bg7 6. Be3 Nf6 7. Nxc6 bxc6 8. e5 Ng8 9. Bd4 Qa5 10. Qe2 Nh6 11. g4 Qb4 12. 0-0-0 Rb8 13. Ne4 0-0 14. Rg1 Qa5 15. Rg3 Bxe5 16. Ra3 Bf4+ 17. Nd2 Qg5 18. h3 c5 19. Ra5 d6 20. Kb1 Qd5 21. Nb3 Qb7 22. Be3 Bxe3 23. Qxe3 Kg7 24. Rb5 Qc7 25. Rxb8 Qxb8 26. Qxe7 d5 27. Nxc5 Ng8 28. Qe3 Rd8 29. Bg2 Qh2 30. Qd4+ f6 31. Bf3 Qxh3 32. Qf4 Re8 33. Rxd5 g5 34. Qg3 Qxg3 35. fxg3 Re1+ 36. Rd1 Re3 37. Rd3 Re1+ 38. Rd1 Re3 39. Rd3 Re1+ 1/2-1/2